000 00627nam a2200181Ia 4500
008 090124s9999 xx 000 0 und d
082 _b117020
100 _aकुलकर्णी जी.ए.(गुरुनाथ आबाजी )
245 _a पिंगळावेळ
250 _a1
260 _c1977
300 _a257
600 _aकुलकर्णी जी.ए.(गुरुनाथ आबाजी )
630 _a पिंगळावेळ
700 _aकुलकर्णी जी.ए.(गुरुनाथ आबाजी )
730 _a पिंगळावेळ
942 _cBOOK
999 _c163106
_d163106